| 000 | 00503nam a2200181 4500 | ||
|---|---|---|---|
| 001 | 125662 | ||
| 003 | ES-MaACL | ||
| 005 | 20230906192656.0 | ||
| 007 | t| | ||
| 008 | 070214s1926 fr r ||||1| fre d | ||
| 100 | 1 |
_aRateau, August. _995519 |
|
| 245 | 1 | 0 |
_aTurbines hydrauliques / _cpar August Rateau, D. Eydoux, M. Gariel. |
| 260 |
_aParis : _bJ. B. Bailliere, _c1926. |
||
| 300 |
_a692 p. ; _c23 cm. |
||
| 700 | 1 |
_aEydoux, D. _948436 |
|
| 700 | 1 |
_aGariel, M. _955552 |
|
| 852 |
_aES-MaACL _jB-12195 |
||
| 999 |
_c125662 _d125662 |
||